Skúsenosti a poznatky zo spotrebiteľských programov PHARE

Pozitívne a negatívne znaky programu PHARE. Charakteristika jednotlivých projektov realizovaných vprislúchajúcich rokoch.

Salvato in:
Dettagli Bibliografici
Autore principale: Hraško, Pavel
Natura: Capitolo di libro
Lingua:slovacco
Soggetti:
Tags: Aggiungi Tag
Nessun Tag, puoi essere il primo ad aggiungerne!!

MARC

LEADER 00000naa$a2200000$$$4500
001 0045755
005 20240502071529.3
041 0 |a slo 
044 |a SK 
245 1 0 |a Skúsenosti a poznatky zo spotrebiteľských programov PHARE  |c Pavel Hraško 
520 |a Pozitívne a negatívne znaky programu PHARE. Charakteristika jednotlivých projektov realizovaných vprislúchajúcich rokoch. 
610 2 0 |a politika spotrebiteľská 
610 2 0 |a PHARE 
610 2 0 |a ochrana spotrebiteľa 
610 2 0 |a právo 
610 2 0 |a správanie spotrebiteľa 
100 1 |a Hraško, Pavel